00952nam a22002417a 45000010005000000030006000050050017000110080041000280200018000690400029000870500016001160820011001321000017001432450111001602500046002712600038003173000051003555050008004065200237004145210020006515210020006716500019006914815FISKH20241016122518.0241016b cb ||||| |||| 00| 0 eng d a9780545813075 aFISKHbengcFISKHdFISKH aPZ7.L231715 a302.34 aLanders, Ace aEmmet"s Guide to Being Awesome : bFun tips, awesome advice, hilarious jokes, and more ! /cby Ace Landers aThis edition first printing, January 2015 aNew York :bScholastic ;c2015.  a124 pages : bcolor illustrations ; c22 cm .  aO  aEmmet, the main character from "The LEGO movie" outlines his philosophy of life and reveals what he has learned from his adventures and his relationships with the Master Builders about friendship, travel, identity, and other topics.8 a600 bLexile 8 aO bRaz-Plus  aLegovfiction